Movies Quiz

Random Movies or Actor Quiz

Switching Lanes: Movies Quiz Stats

 Plays Quiz Updated Jul 1, 2018

Score 0/84 Timer 10:00
1 Play Today
% Correct
Go
100%
Go
100%
Go
100%
Shawshank Redemption
94.2%
Shawshank Redemption
94.2%
Shawshank Redemption
94.2%
The Matrix
92.3%
The Matrix
92.3%
The Matrix
92.3%
The Matrix
92.3%
The Matrix
92.3%
The Matrix
92.3%
Casablanca
90.6%
Casablanca
90.6%
Casablanca
90.6%
Toy Story
90.6%
Toy Story
90.6%
Toy Story
90.6%
Toy Story
90.6%
Toy Story
90.6%
Toy Story
90.6%
Toy Story
90.6%
Toy Story
90.6%
Toy Story
90.6%
The Sixth Sense
90.3%
The Sixth Sense
90.3%
The Sixth Sense
90.3%
Gladiator
90.1%
% Correct
Gladiator
90.1%
Gladiator
90.1%
Gladiator
90.1%
Gladiator
90.1%
Gladiator
90.1%
Jurassic Park
90%
Jurassic Park
90%
Jurassic Park
90%
Die Hard
89.6%
Die Hard
89.6%
Die Hard
89.6%
Die Hard
89.6%
Die Hard
89.6%
Die Hard
89.6%
Die Hard
89.6%
Die Hard
89.6%
Die Hard
89.6%
Groundhog Day
89.4%
Groundhog Day
89.4%
Groundhog Day
89.4%
Truman Show
89.1%
Truman Show
89.1%
Truman Show
89.1%
Truman Show
89.1%
Truman Show
89.1%
Truman Show
89.1%
Up
88.9%
Up
88.9%
% Correct
Up
88.9%
Pulp Fiction
88.2%
Pulp Fiction
88.2%
Pulp Fiction
88.2%
Pulp Fiction
88.2%
Pulp Fiction
88.2%
Pulp Fiction
88.2%
Pulp Fiction
88.2%
Pulp Fiction
88.2%
Pulp Fiction
88.2%
Rocky
88%
Rocky
88%
Rocky
88%
Anchorman
87.1%
Anchorman
87.1%
Anchorman
87.1%
Anchorman
87.1%
Anchorman
87.1%
Anchorman
87.1%
Terminator
86.9%
Terminator
86.9%
Terminator
86.9%
Forrest Gump
86.5%
Forrest Gump
86.5%
Forrest Gump
86.5%
Forrest Gump
86.5%
Forrest Gump
86.5%
Forrest Gump
86.5%

You're not logged in!

Compare scores with friends on all Sporcle quizzes.
OR
Log In

Sporcle TV

Today on Sporcle TV


Watch our educational content, quiz creation guides, and fun videos on Sporcle TV.

Show Comments

Extras

Top Quizzes Today


Score Distribution

Your Account Isn't Verified!

In order to create a playlist on Sporcle, you need to verify the email address you used during registration. Go to your Sporcle Settings to finish the process.

Report this User

Report this user for behavior that violates our Community Guidelines.

Details: